World Conference against racism, racial discrimination, xenophobia and ralated intolerance; declaration and programme of action (Record no. 83219)

MARC details
000 -LEADER
fixed length control field 00964nam a2200169 a 4500
008 - FIXED-LENGTH DATA ELEMENTS--GENERAL INFORMATION
fixed length control field 120416s2002 ||||||||||||||||| || u
050 ## - LIBRARY OF CONGRESS CALL NUMBER
Classification number HT 1521 Uni
110 ## - MAIN ENTRY--CORPORATE NAME
Corporate name or jurisdiction name as entry element United Nations Organisation (UNO)
245 10 - TITLE STATEMENT
Title World Conference against racism, racial discrimination, xenophobia and ralated intolerance; declaration and programme of action
260 ## - PUBLICATION, DISTRIBUTION, ETC.
Place of publication, distribution, etc. New York:
Name of publisher, distributor, etc. United Nations department of Public information
Date of publication, distribution, etc. 2002
300 ## - PHYSICAL DESCRIPTION
Extent iii, 145p.
350 ## -
-- 0.00
650 ## - SUBJECT ADDED ENTRY--TOPICAL TERM
Topical term or geographic name entry element RACISM
995 ## -
-- ANNEX COLLECTION (Main Library)
-- 0.00
-- 736301
-- CBU-MAIN LIBRARY (Kitwe)
-- 1
-- 8.00
-- HT 1521 Uni
-- 1
-- AVAILABLE
-- 39948
-- Annex Low-Usage Collection
995 ## -
-- MAIN LIBRARY OPEN ACCESS
-- 0.00
-- 736303
-- CBU-MAIN LIBRARY (Kitwe)
-- 2
-- 8.00
-- HT 1521 Uni
-- 2
-- AVAILABLE
-- 39950
-- Main Library Open Access Collection
995 ## -
-- MAIN LIBRARY OPEN ACCESS
-- 0.00
-- 736302
-- CBU-MAIN LIBRARY (Kitwe)
-- 3
-- 8.00
-- HT 1521 Uni
-- 3
-- AVAILABLE
-- 39949
-- Main Library Open Access Collection
999 ## -
-- 83219
-- 83219
Holdings
Withdrawn status Lost status Source of classification or shelving scheme Damaged status Not for loan Permanent Location Current Location Shelving location Date acquired Total Checkouts Full call number Barcode Date last seen Copy number Price effective from Koha item type
          CBU-MAIN LIBRARY, KITWE. CBU-MAIN LIBRARY, KITWE.   10/25/2023   HT 1521 Uni 39948 10/25/2023 1 10/25/2023 MONOGRAPH
          CBU-MAIN LIBRARY, KITWE. CBU-MAIN LIBRARY, KITWE.   10/25/2023   HT 1521 Uni 39950 10/25/2023 2 10/25/2023 MONOGRAPH
Withdrawn         CBU-MAIN LIBRARY, KITWE. CBU-MAIN LIBRARY, KITWE.   10/25/2023   HT 1521 Uni 39949 10/25/2023 3 10/25/2023 MONOGRAPH